| 000 | 00928nam a22002537a 4500 | ||
|---|---|---|---|
| 999 |
_c65439 _d65439 |
||
| 005 | 20240530110824.0 | ||
| 008 | 190711s2018 ua a g 000 0 ara d | ||
| 017 |
_bمصر. دار الكتب _a2018/10026 |
||
| 020 | _a9789776542744 | ||
| 040 |
_aEG-CaGPL _cEG-CaGPL |
||
| 082 | 0 | 4 |
_221 _a155.418 / _bس م |
| 100 | 1 | _aسيلبرج ، جاكى | |
| 245 | 1 | 0 |
_a125 لعبة عقلية للصغار / _cجاكى سيلبرج ؛ تعريب سناء احمد النجار |
| 250 | _aط.1 | ||
| 260 |
_aالقاهرة : _bروابط للنشر وتقنية المعلومات، _c2018 . |
||
| 300 |
_a143 ص. ؛ _c24 سم. |
||
| 504 | _aيشتمل على ارجاعات ببليوجرافية | ||
| 650 | 0 | 7 |
_aلعب الاطفال _2qrmak |
| 650 | 0 | 7 | _aالالعاب |
| 651 | _2qrmak | ||
| 700 | 0 |
_aسناء احمد النجار _eمترجم |
|
| 942 |
_2ddc _cBK |
||